000 00541nam a2200217Ia 4500
003 OSt
005 20220928141433.0
006 a|||||r|||| 00| 0
007 ta
008 220927b |||||||| |||| 00| 0 eng d
024 _a14979
037 _cTextual
040 _aSDCL
_cSDCL
_beng
041 _2eng
_aeng
082 _aO113,1FFV:g, 111L1
100 _aMowatt D G
_9500119
245 0 _aFriderich Von Husen.
260 _c1971
942 _hO113,1FFV:g, 111L1
_cTEXL
_2CC
999 _c817388
_d817388